Non nước Việt Nam Sách hướng dẫn du lịch
Saved in:
| Main Author: | |
|---|---|
| Format: | Book |
| Language: | Undetermined |
| Published: |
Hà Nội
Tổng Cục Du Lịch
1998
|
| Subjects: | |
| Tags: |
Add Tag
No Tags, Be the first to tag this record!
|
| Institutions: | Trung tâm Học liệu Trường Đại học Cần Thơ |
|---|
| LEADER | 00537nam a2200181Ia 4500 | ||
|---|---|---|---|
| 001 | CTU_29715 | ||
| 008 | 210402s9999 xx 000 0 und d | ||
| 082 | |a 915.97 | ||
| 082 | |b B312 | ||
| 100 | |a Vũ Thế Bình | ||
| 245 | 0 | |a Non nước Việt Nam | |
| 245 | 0 | |b Sách hướng dẫn du lịch | |
| 245 | 0 | |c Vũ Thế Bình | |
| 260 | |a Hà Nội | ||
| 260 | |b Tổng Cục Du Lịch | ||
| 260 | |c 1998 | ||
| 650 | |a vietnam - description and travel | ||
| 980 | |a Trung tâm Học liệu Trường Đại học Cần Thơ | ||